00758naa#a2200181#i#4500001002300000005001700023011001400040100004100054102000700095200011700102210005100219215001000270608002700280675021200307700002200519700002100541856001400562EN\INFRA-M\bibl\12638920260629073444.1##a2306-1731##a20260623b2026####ek#y0engy0150####ca##aRU1#aFostering Critical Thinking in Youth as a Vector of National Policy in the Era of Digital RiskseJournal article1#aMoscowcINFRA-M Academic Publishing LLC.d2026##a5 с.##aJournal article2local##aОбщественное мнение. Общественно-политическая деятельность.(общественные отношения). Пропаганда. Агитация. 32.019.5#1aShevchenkogO. V.#1aInozemcevgV. A.4#azh-szf.ru